Counter-surveying apartheid-era forced removals in South Africa: a spatial approach to archival social justice

Titel: Counter-surveying apartheid-era forced removals in South Africa: a spatial approach to archival social justice
Verfasser: ;
Beteiligt:
In: Archival science, Band 25, Heft 4 (2025), Artikel-ID: 50
alle Artikel anzeigen
Veröffentlicht: 2025
Format: Aufsatz
Sprache: Englisch
Kein Bild verfügbar
X
alg: 54206271
001A    $03036:10-02-26 
001B    $01999:10-02-26 $t21:56:27.000 
001D    $03036:10-02-26 
001U    $0utf8 
001X    $00 
002@    $0Aou 
002C    $aText $btxt $2rdacontent 
002D    $aohne Hilfsmittel zu benutzen $bn $2rdamedia 
002E    $aBand $bnc $2rdacarrier 
003@    $0542062712 
007A    $0542062712 $aHEB 
009P    $3Volltext $uhttps://doi.org/10.1007/s10502-025-09517-6  
010@    $aeng 
010E    $erda 
011@    $a2025 
021A    $aCounter-surveying apartheid-era forced removals in South Africa: a spatial approach to archival social justice 
028A    $BVerfasser $4aut $8Motala, Siddique [Tp3] $9480510865 
028C    $aMokomane $dTlotliso 
028C    $BVerfasser $#Wallace, David $4aut $71080381112 $8Wallace, David A.$Z1961- [Tp3] $9367937867 
031A    $d25 $e4 $g22 $i50 $j2025 
039B    $aEnthalten in $8--Abvc--. Archival science. - Dordrecht : Springer, 2001-. - ISSN 1389-0166 $x202500000250004999 $9083703608 
045T    $a24,1 $a8 

lok: 54206271 105

exp: 54206271 105 1 #EPN
201B/01 $010-02-26 $t15:53:12.000 
201C/01 $010-02-26 
201U/01 $0utf8 
203@/01 $01335137939 
208@/01 $a10-02-26 $be 
209A/01 $a/ $f106 $x00 
244Z/01 $aSüdafrika $x01 
244Z/01 $aAfriqu du Sud $x02 
245Z/01 $a5.01.02. $bArchivwesen außerhalb Europas / Archivwesen weltweit / Einzelne Länder $x05 
247C/01 $8->Marburg, Bibliographie zum Archivwesen der Archivschule Marburg $939588196X
LEADER 00000caa a2200000 c 4500
001 542062712
003 DE-603
005 20260210215627.0
007 tu
008 260210s2025 xx |||| | u00||u|eng c
035 |a (DE-599)HEB542062712 
040 |a DE-603  |b ger  |c DE-603  |d DE-603  |e rda 
041 |a eng 
084 |a 24,1  |a 8  |2 ssgn 
100 1 |a Motala, Siddique  |e Verfasser  |4 aut  |0 (DE-603)480510865  |0 (DE-588)1235767353  |2 gnd 
245 0 0 |a Counter-surveying apartheid-era forced removals in South Africa: a spatial approach to archival social justice 
264 0 |c 2025 
336 |a Text  |b txt  |2 rdacontent 
337 |a ohne Hilfsmittel zu benutzen  |b n  |2 rdamedia 
338 |a Band  |b nc  |2 rdacarrier 
700 1 |a Mokomane, Tlotliso 
700 1 |a Wallace, David A.  |d 1961-  |e Verfasser  |4 aut  |0 (DE-603)367937867  |0 (DE-588)1080381112  |2 gnd 
773 0 8 |i Enthalten in  |t Archival science  |d Dordrecht : Springer, 2001-  |x 1389-0166  |g Band 25, Heft 4 (2025), Artikel-ID: 50  |w (DE-603)083703608  |w (DE-600)1492892-9 
856 4 2 |u https://doi.org/10.1007/s10502-025-09517-6   |3 Volltext 
924 0 |9 -  |a (DE-603)1335137939  |b DE-  |c HES  |d d  |g /